The one & only tapas & appetisers cookbook:all the recipes you will ever need

Guardat en:
Dades bibliogràfiques
Format: Llibre
Publicat: New Holland
Etiquetes: Afegir etiqueta
Sense etiquetes, Sigues el primer a etiquetar aquest registre!
LEADER 00739cam a22001817a 4500
001 (Sirsi) i9781742572475
005 20190330171043.0
008 190219n xx ||||||||||||||||| |d
020 |a 9781742572475 
040 |a SMLIBRARY  |b eng  |c SMLIBRARY  |e AACR2 
245 0 |a The one & only tapas & appetisers cookbook:all the recipes you will ever need 
260 |b New Holland 
901 |a 641.812  |i TEMP002183  |m SMLIBRARY  |l ADULT  |t BOOK  |p 63.69  |x ADULT  |z ANFIC  |u 22/11/2013 
903 |a SMLNEWITEM 
904 |a 1 
942 |2 ddc  |c BOOK 
952 |0 0  |1 0  |2 ddc  |4 0  |6 641_812000000000000  |7 0  |8 ADULT | ANFIC  |9 43552  |a SMLIBRARY  |b SMLIBRARY  |c ADULT  |d 2013-11-22  |g 63.69  |l 0  |o 641.812  |p BK10020440K  |r 2019-03-30 00:00:00  |t 1  |v 63.69  |w 2019-06-25  |y ADULTBOOK 
999 |c 37537  |d 37537